| 000 | 00471nam a22001697a 4500 | ||
|---|---|---|---|
| 003 | CEME | ||
| 005 | 20210628204020.0 | ||
| 008 | 210104b xxu||||| |||| 00| 0 eng d | ||
| 040 | _cceme | ||
| 082 | _a155.8973 WAT | ||
| 100 |
_aWatley, Danis , Tahir Asad, Raja _968264 |
||
| 245 | _aKhawboon sa haqeeqat tak , kamyabi ka raaz | ||
| 260 |
_aRAWALPINDI _bSERVICES BOOK CLUB _c2012 |
||
| 300 | _a169P | ||
| 650 |
_aPERSONALITY.SUCCESS IN LIFE. _968265 |
||
| 942 |
_cBK _2ddc |
||
| 999 |
_c575873 _d575873 |
||